000 00725nam a2200229Ia 4500
003 GCL
008 140319s9999 xx 000 0 ara d
040 _aGCL /
_cGCL
082 0 4 _a331.127
_bب ث
100 1 _aمحمد مصطفى غنيم
245 1 0 _aثقافة تنظيم العمل /
_cمحمد مصطفى غنيم
700 1 _aبيرجر، بريجيت
300 _a280 ص
490 _aالهيئة العامة للاستعلامات
_v0
650 0 4 _aالاقتصاد
650 0 4 _aالعمل والعمال
650 0 4 _aادارة الافراد
650 0 4 _aالعمل - تنظيم
650 0 4 _aالعمل - نظريات
650 0 4 _aالاسواق - تنظيم الادارة
942 _2ddc
_cBK
999 _c47689
_d47689